B54_東京から見て南西にある市区町村 - Statistics

General Stats
  • This quiz has been taken 8 times
  • The average score is 82 of 95
Answer Stats
東京
からの
方位角
東京
からの
距離
都道府県 種類 市区町村名 % Correct
220.9 7.0 東京都 特別区 世田谷区
100%
235.8 29.0 東京都 町田市
100%
224.2 31.9 神奈川県 大和市
100%
221.5 38.0 神奈川県 綾瀬市
100%
226.0 39.5 神奈川県 海老名市
100%
219.2 45.9 神奈川県 寒川町
100%
214.2 48.3 神奈川県 茅ヶ崎市
100%
219.0 51.1 神奈川県 平塚市
100%
219.8 55.8 神奈川県 大磯町
100%
231.2 56.4 神奈川県 秦野市
100%
223.0 59.7 神奈川県 二宮町
100%
230.8 64.2 神奈川県 大井町
100%
226.6 69.1 神奈川県 小田原市
100%
226.8 74.5 神奈川県 箱根町
100%
221.0 78.6 神奈川県 真鶴町
100%
221.9 81.2 神奈川県 湯河原町
100%
214.3 97.6 静岡県 伊東市
100%
229.2 101.1 静岡県 沼津市
100%
233.0 1267.4 鹿児島県 大和村
100%
230.8 1529.2 沖縄県 うるま市
100%
230.8 1554.8 沖縄県 那覇市
100%
229.7 35.2 神奈川県 座間市
88%
228.1 41.6 神奈川県 厚木市
88%
233.3 63.9 神奈川県 松田町
88%
233.1 68.7 神奈川県 南足柄市
88%
221.1 87.7 静岡県 熱海市
88%
231.7 92.5 静岡県 裾野市
88%
225.7 95.7 静岡県 函南町
88%
228.4 95.7 静岡県 三島市
88%
230.1 95.8 静岡県 長泉町
88%
228.0 98.2 静岡県 清水町
88%
223.8 102.1 静岡県 伊豆の国市
88%
221.1 105.2 静岡県 伊豆市
88%
219.1 134.1 静岡県 松崎町
88%
234.3 155.5 静岡県 焼津市
88%
235.5 160.3 静岡県 藤枝市
88%
232.6 167.2 静岡県 吉田町
88%
232.3 171.2 静岡県 牧之原市
88%
235.3 180.3 静岡県 菊川市
88%
231.2 185.3 静岡県 御前崎市
88%
231.1 1231.7 鹿児島県 喜界町
88%
231.8 1342.4 鹿児島県 徳之島町
88%
232.5 1344.5 鹿児島県 天城町
88%
218.9 1345.8 沖縄県 北大東村
88%
218.8 1360.3 沖縄県 南大東村
88%
231.8 1393.9 鹿児島県 和泊町
88%
231.3 1437.3 鹿児島県 与論町
88%
232.5 1470.0 沖縄県 伊平屋村
88%
232.2 1480.9 沖縄県 伊是名村
88%
230.7 1488.2 沖縄県 東村
88%
231.4 1497.3 沖縄県 今帰仁村
88%
231.1 1504.1 沖縄県 名護市
88%
231.2 1520.2 沖縄県 恩納村
88%
231.2 1535.8 沖縄県 読谷村
88%
230.8 1536.3 沖縄県 沖縄市
88%
230.9 1540.4 沖縄県 北谷町
88%
230.7 1542.4 沖縄県 宜野湾市
88%
230.8 1549.2 沖縄県 浦添市
88%
230.6 1550.6 沖縄県 与那原町
88%
230.6 1553.1 沖縄県 南風原町
88%
233.0 1558.3 沖縄県 粟国村
88%
230.6 1562.8 沖縄県 糸満市
88%
231.6 1578.2 沖縄県 渡嘉敷村
88%
232.7 1580.6 沖縄県 渡名喜村
88%
233.4 1607.3 沖縄県 久米島町
88%
232.8 1835.8 沖縄県 宮古島市
88%
233.8 1888.1 沖縄県 多良間村
88%
234.1 1950.8 沖縄県 石垣市
88%
235.1 1973.8 沖縄県 竹富町
88%
227.6 47.8 神奈川県 伊勢原市
75%
227.6 59.6 神奈川県 中井町
75%
233.1 65.9 神奈川県 開成町
75%
219.8 132.7 静岡県 西伊豆町
75%
213.9 139.0 静岡県 南伊豆町
75%
236.0 168.4 静岡県 島田市
75%
232.6 1249.3 鹿児島県 龍郷町
75%
232.7 1258.9 鹿児島県 奄美市
75%
232.4 1289.2 鹿児島県 瀬戸内町
75%
231.8 1403.8 鹿児島県 知名町
75%
231.0 1477.8 沖縄県 国頭村
75%
231.1 1485.4 沖縄県 大宜味村
75%
231.9 1506.6 沖縄県 伊江村
75%
230.8 1512.8 沖縄県 宜野座村
75%
231.0 1537.7 沖縄県 嘉手納町
75%
230.7 1539.9 沖縄県 北中城村
75%
230.6 1543.2 沖縄県 中城村
75%
230.4 1552.3 沖縄県 南城市
75%
230.7 1557.5 沖縄県 豊見城市
75%
231.8 1580.1 沖縄県 座間味村
75%
233.0 1280.3 鹿児島県 宇検村
63%
231.5 1504.5 沖縄県 本部町
63%
230.8 1518.3 沖縄県 金武町
63%
230.6 1548.4 沖縄県 西原町
63%
230.5 1556.4 沖縄県 八重瀬町
63%
231.9 1352.2 鹿児島県 伊仙町
50%
No matching quizzes found
Score Distribution
Percent of People with Each Score
Percentile by Number Answered
Your Score History
You have not taken this quiz